West Wing Episodes Quiz Stats

 Plays Quiz Updated Jan 16, 2020

     
Support Sporcle.
Go Orange.
Score 0/154 Timer 15:00
5 Plays Today
Season Episode % Correct
Season OnePilot
91.7%
Season TwoIn the Shadow of Two Gunmen, Part I
83%
Season TwoIn the Shadow of Two Gunmen, Part II
82.9%
Season TwoTwo Cathedrals
82.7%
Season Four20 Hours in America Part I
77.7%
Season Four20 Hours in America Part II
77.7%
Season SevenThe Debate
77.6%
Season SevenTomorrow
77.5%
Season OnePost Hoc, Ergo Propter Hoc
76.3%
Season ThreeManchester Part I
76.3%
Season ThreeManchester Part II
76.3%
Season OneWhat Kind of Day Has It Been
76%
Season TwoNoel
75.9%
Season FourElection Night
73%
Season OneThe Crackpots and These Women
72.7%
Season OneLet Bartlet Be Bartlet
72.5%
Season SevenElection Day Part I
72.3%
Season SevenElection Day Part II
72%
Season Two18th and Potomac
71.9%
Season FourTwenty Five
71.3%
Season OneMr. Willis of Ohio
70.9%
Season One20 Hours in LA
70.5%
Season OneA Proportional Response
70.5%
Season OneFive Votes Down
70.2%
Season Two17 People
69.7%
Season FourDebate Camp
69.5%
Season TwoThe Midterms
69.1%
Season TwoSomebody's Going to Emergency, Somebody's Going to Jail
69.1%
Season TwoShibboleth
68.7%
Season OneCelestial Navigation
68.7%
Season ThreeThe Black Vera Wang
68.2%
Season OneIn Excelsis Deo
67.7%
Season OneHe Shall, from Time to Time
67.6%
Season TwoEllie
67.2%
Season FourInauguration: Part 2 - Over There
66.9%
Season FourInauguration Part I
66.8%
Season FiveGaza
66.4%
Season OneLord John Marbury
66.2%
Season ThreeBartlet for America
65.8%
Season ThreeWe Killed Yamamoto
65.8%
Season OneEnemies
65.6%
Season ThreePosse Comitatus
65.3%
Season OneThe State Dinner
65.2%
Season TwoThe Stackhouse Filibuster
64.8%
Season TwoGalileo
64.7%
Season TwoBartlet's Third State of the Union
64.3%
Season FourCommencement
64.1%
Season ThreeThe Indians in the Lobby
63.4%
Season OneTake out the Trash Day
63.1%
Season OneTake this Sabbath Day
63.1%
Season TwoIn this White House
62.8%
Season ThreeThe Women of Qumar
62.5%
Season Episode % Correct
Season FiveThe Supremes
62.5%
Season FourThe Red Mass
62.3%
Season TwoThe Fall's Gonna Kill You
62.3%
Season FourThe California 47th
62.3%
Season FourGame On
62.1%
Season OneLies, Damn Lies, and Statistics
62%
Season FiveHan
61.6%
Season OneSix Meetings Before Lunch
61.3%
Season OneMandatory Minimums
61.2%
Season TwoBad Moon Rising
61.1%
Season SevenRequiem
60.7%
Season TwoThe Portland Trip
60.5%
Season ThreeThe Two Bartlets
60.5%
Season FourCollege Kids
60.4%
Season TwoAnd It's Surely to Their Credit
60%
Season Three100,000 Airplanes
59.5%
Season SevenThe Ticket
59.5%
Season ThreeDead Irish Writers
58.6%
Season TwoThe Leadership Breakfast
58.5%
Season OneThe Short List
58.3%
Season SevenTransition
58.1%
Season FiveMemorial Day
58.1%
Season OneThe White House Pro-Am
57.9%
Season FourThe Long Goodbye
57.9%
Season SevenThe Mommy Problem
57.7%
Season FiveThe Dogs of War
57.7%
Season SixKing Corn
57.3%
Season FiveShutdown
57.2%
Season FourHoly Night
57%
Season FourAngel Maintenance
56.8%
Season FourRed Haven's on Fire
56.6%
Season SevenInstitutional Memory
56.2%
Season ThreeThe U.S. Poet Laureate
55.7%
Season FourLife on Mars
55.5%
Season ThreeEnemies Foreign and Domestic
55.4%
Season FiveJefferson Lives
55.4%
Season Six2162 Votes
55.3%
Season SevenThe Cold
55.1%
Season FiveAccess
54.9%
Season ThreeWays and Means
54.8%
Season ThreeGone Quiet
54.2%
Season ThreeNight Five
54.2%
Season ThreeHartsfield's Landing
54.2%
Season SixThe Birnam Wood
53.8%
Season TwoThe Lame Duck Congress
53.6%
Season FourEvidence of Things Not Seen
53.4%
Season FourArctic Radar
52.6%
Season FourProcess Stories
52.6%
Season FiveAbu El Banat
52.5%
Season FourPrivateers
52.2%
Season FourGuns Not Butter
52.2%
Season SixNSF Thurmont
52.1%
Season Episode % Correct
Season TwoThe War at Home
52%
Season SevenThe Wedding
51.7%
Season ThreeH. Con 172
51.4%
Season ThreeWar Crimes
51.1%
Season SevenRunning Mates
50.9%
Season FourSwiss Diplomacy
50.8%
Season SevenThe Al Smith Dinner
50.6%
Season TwoThe Drop-In
50.5%
Season SevenTwo Weeks Out
50.2%
Season FiveAn Khe
49.5%
Season SevenThe Last Hurrah
49.5%
Season ThreeStirred
49.2%
Season FiveNo Exit
49.1%
Season SevenWelcome to Wherever You Are
49%
Season Six365 Days
48.9%
Season SevenMr. Frost
48.2%
Season SixThird Day Story
48%
Season SixLa Palabra
48%
Season FiveConstituency of One
47.4%
Season Five7A WF 83429
47.4%
Season ThreeOn the Day Before
46.5%
Season SixFreedonia
46.3%
Season SixLiftoff
46.2%
Season SixNinety Miles Away
45.8%
Season FiveDisaster Relief
45.3%
Season FiveSlow News Day
45.2%
Season FiveThe Warfare of Genghis Khan
45%
Season SixImpact Winter
44.4%
Season SevenDuck and Cover
44.3%
Season FiveEppur Si Muove
44.1%
Season SixThe Dover Test
44.1%
Season SixIn God We Trust
43.8%
Season SixIn the Room
43.2%
Season SixThe Hubbert Peak
43.2%
Season SixThings Fall Apart
43%
Season FiveSeparation of Powers
42.7%
Season SixOpposition Research
42.6%
Season FiveThe Benign Prerogative
42.2%
Season SixA Change is Gonna Come
41.9%
Season SevenMessage of the Week
41.8%
Season FiveThe Stormy Present
41.4%
Season FiveFull Disclosure
41%
Season SixA Good Day
40.8%
Season SixFaith Based Initiative
40.7%
Season SevenUndecideds
40.7%
Season FiveTalking Points
40.6%
Season SixThe Wake Up Call
39.4%
Season SevenHere Today
37.3%
Season SevenInternal Displacement
37.1%
Season SixDrought Conditions
36.9%

From the Vault

Minor League Cities (AAA)

by Ben

Sports 7m
If you train, work hard and practice, perhaps someday you too can ride around on a bus traveling to each of these cities.
Remove Ads.
Support Sporcle.
Get the best of Sporcle when you Go Orange. This ad-free experience offers more features, more stats, and more fun while also helping to support Sporcle. Thank you for becoming a member.

Show Comments

Extras

Top Quizzes Today


Score Distribution

Your Account Isn't Verified!

In order to create a playlist on Sporcle, you need to verify the email address you used during registration. Go to your Sporcle Settings to finish the process.

Report this User

Report this user for behavior that violates our Community Guidelines.

Details: